|
|
|
|
| LEADER |
01224cam a2200313 a 4500 |
| 001 |
c000379236 |
| 003 |
CARM |
| 005 |
20100727135100.0 |
| 008 |
691128s1969 nyu b 001 0 eng |
| 010 |
|
|
|a 70083052
|
| 019 |
1 |
|
|a 44800
|z 57731924
|5 LACONCORD2021
|
| 035 |
|
|
|a (OCoLC)24383
|5 LACONCORD2021
|
| 040 |
|
|
|a LC
|b eng
|c LC
|d LC
|
| 043 |
|
|
|a n-us---
|
| 050 |
0 |
0 |
|a E169.1
|b .S343
|
| 082 |
0 |
0 |
|a 917.3/03/9
|
| 100 |
1 |
|
|a Schmitt, Peter J.
|
| 245 |
1 |
0 |
|a Back to nature :
|b the Arcadian myth in urban America /
|c [by] Peter J. Schmitt.
|
| 260 |
|
|
|a New York :
|b Oxford University Press,
|c 1969.
|
| 300 |
|
|
|a xxiii, 230 p. ;
|c 22 cm.
|
| 490 |
0 |
|
|a The Urban life in America series
|
| 504 |
|
|
|a Bibliographical references included in "Notes" (p. 191-221)
|
| 650 |
|
0 |
|a Human beings
|x Effect of environment on
|z United States
|x History.
|
| 650 |
|
0 |
|a Landscape assessment
|z United States
|x History.
|
| 650 |
|
0 |
|a Nature in literature.
|
| 651 |
|
0 |
|a United States
|x Civilization
|y 1865-1918.
|
| 852 |
8 |
|
|b CARM
|h A2:AP06A0
|i B06799
|p 0550631
|f BK
|
| 999 |
f |
f |
|i ff4f2bd6-583f-5b9a-8f92-b65f878fb354
|s b018f684-fcf8-559c-abfb-83e1d31c6494
|
| 952 |
f |
f |
|p Can circulate
|a CAVAL
|b CAVAL
|c CAVAL
|d CARM 1 Store
|e B06799
|f A2:AP06A0
|h Other scheme
|i book
|m 0550631
|